Guida alle scuole superiori di Roma e Provincia anno 2008/2009 Una buona scelta per una buona scuola.
Saved in:
| Corporate Authors: | , , |
|---|---|
| Format: | Bog |
| Sprog: | engelsk |
| Udgivet: |
Roma
Comune di Roma
2007
|
| Tags: |
Ingen Tags, Vær først til at tagge denne postø!
|
MARC
| LEADER | 00000nam a2200000 4500 | ||
|---|---|---|---|
| 005 | 20240529173006.0 | ||
| 008 | 240529b |||||||| |||| 00| 0 eng d | ||
| 040 | |c GP | ||
| 110 | |a Comune di Roma | ||
| 245 | |a Guida alle scuole superiori di Roma e Provincia anno 2008/2009 |b Una buona scelta per una buona scuola. | ||
| 260 | |a Roma |b Comune di Roma |c 2007 | ||
| 710 | |a Provincia di Roma | ||
| 710 | |a Regione Lazio | ||
| 942 | |2 ddc |c BK |n 0 | ||
| 952 | |0 0 |1 0 |2 ddc |4 0 |6 085_000000000000000_PRO |7 1 |9 1314 |a RM |b RM |d 2024-05-29 |l 0 |o 085 PRO |p 110 |r 2024-05-29 17:30:29 |w 2024-05-29 |y BK | ||
| 999 | |c 1210 |d 1210 | ||